000
00229nam a22000977a 4500
003
SGT
245
_a
INDIAN JOURNAL OF PHARMACY & PHARMACOLOGY
260
_a
NEW DELHI
_b
INNOVATIVE PUBLICATION
_c
2016
310
_a
1-4
942
_2
ddc
_c
BV
999
_c
24200
_d
24200